| 000 | 00486nam a2200169Ia 4500 | ||
|---|---|---|---|
| 005 | 20250424120330.0 | ||
| 008 | 250424s9999 xx 000 0 und d | ||
| 022 | _a03315967 | ||
| 050 | _aTA 1 .N554/ | ||
| 245 | 4 | _aThe nigerian engineer: official magazine of the society of engineers | |
| 260 | _aVictoria Island, Lagos. | ||
| 260 | _bNigerian Society of Engineers. | ||
| 260 | _c2010 | ||
| 300 | _av. , 52 p. : ill. ; 29 cm. | ||
| 650 | _aEngineering--periodicals | ||
| 942 | _cSR | ||
| 999 |
_c38711 _d38711 |
||